| 000 | 01043cam a22003137a 4500 | ||
|---|---|---|---|
| 001 | 3191 | ||
| 005 | 20240216112411.0 | ||
| 020 | _a9780062100092 | ||
| 040 |
_aBTCTA _beng _cBTCTA _dFOLLT _dCGP _dDLC |
||
| 050 | 0 | 0 | _aPZ7.A9118 |
| 082 | 0 | 4 | _a823.92 |
| 100 | 1 | _aScotton, Rob | |
| 245 | 1 | 0 |
_aSplat the cat : _cby Scotton, Rob _bThe perfect present for mom & dad / |
| 250 | _aFirst edition | ||
| 260 |
_aNew York : _bHarper Festival , _c2012 |
||
| 300 |
_a26 unnumbered pages : _bcolor illustrations ; _c21 cm . |
||
| 490 | _aSplat the cat | ||
| 505 | _aJ | ||
| 520 | _aSplat and his brother and sister cats try to come up with the perfect gift for Mom and Dad. Includes a sheet of stickers. | ||
| 521 | 1 |
_a480
_bLexile |
|
| 521 | 1 |
_aJ
_bRaz-Plus |
|
| 650 | 0 |
_aSplat the Cat _vJuvenile fiction |
|
| 650 | 0 |
_aCats _vJuvenile fiction |
|
| 650 | 1 |
_aSplat the Cat _vFiction |
|
| 650 | 1 |
_aCats _vFiction |
|
| 655 | 7 |
_aHumorous fiction. _2gsafd |
|
| 906 |
_a7 _bcbc _ccopycat _d2 _encip _f20 _gy-gencatlg |
||
| 942 |
_2ddc _cBK _n0 |
||
| 999 |
_c3191 _d3191 |
||